00407nam a2200157 a 450000100060000000300090000600800410001504000280005608200150008410000240009924500220012325000060014526000440015130000110019565000430020610917CO-ViMGA141112s2004 ck r 000 u spa d aCO-ViMGAbspacCO-ViMGA04aV860.4 T371 aParra, Teresa de la10aAnte la crítica a1 aCaracas, cMonte Avila Editores, c1980 a251 p.14aNOVELA VENEZOLANA - HISTORIA Y CRITICA